Представление документа в формате MARC21

Поле Инд. ПП Название Значение
Тип записи a
Библиографический уровень m
001 Контрольный номер 13d0b7dc-3ac2-4e3b-9735-613ec5b10b53
005 Дата корректировки 20131112080239.5
008 Кодируемые данные 020322
020 a ISBN 5-89959-080-7
c Цена, тираж 136.80
040 a Служба первич. каталог. НБ ТвГУ
041 a Код языка текста rus
080 a Индекс УДК 681.322.069
a Индекс УДК 519.22:681.3
084 a Индекс другой классификации/Индекс ББК З973.23-018.2
a Индекс другой классификации/Индекс ББК В172с51
090 x Авторский знак Б83
a Полочн. индекс З973.2
100 1_ a Автор Боровиков Владимир Павлович
245 00 a Заглавие Программа STATISTICA для студентов и инженеров
c Ответственность В. Боровиков
250 a Основные сведения об издании 2-е изд.
b Дополнительные сведения об издании перераб. и доп.
260 0_ a Место издания Москва
b Издательство КомпьютерПресс
c Дата издания 2001
300 a Объем 299,[1] с.
b Иллюстрации/ тип воспроизводства табл.
583 a Действие Получение впервые 117 19.03.2002
k Исполнитель действия ООО "Книжный мир"
583 a Действие Приписка 235 13.06.2002
k Исполнитель действия ООО "Книжный мир"
650 a Основная рубрика Компьютеры персональные
x Основная подрубрика Программное обеспечение
650 a Основная рубрика Пакеты прикладных программ
650 a Основная рубрика Статистический анализ
653 a Ключевые слова Компьютеры
a Ключевые слова Персональные компьютеры
a Ключевые слова Статистика
a Ключевые слова Программное обеспечение
a Ключевые слова Пакеты прикладных программ
a Ключевые слова Анализ данных
a Ключевые слова Статистический анализ данных
a Ключевые слова Статистическое программное обеспечение
a Ключевые слова Статистические программы
a Ключевые слова STATISTICA
a Ключевые слова Обработка данных
a Ключевые слова Статистическая обработка данных
852 t Порядковый номер экземпляра 1
p Инвентарный номер 744942
852 t Порядковый номер экземпляра 1
p Инвентарный номер 747601 109.00
888 a За счет средств университета
952 p 117.2002 136.80 1 744942
p 235.2002 109.00 1 747601
c Вид литературы К ру
954 a Дата поступления на обработку 20020329
999 a Подразделение 2 каб.магн.
a Подразделение 2 Фил3